Utah Geography Quiz - Sudden Death - Statistics

General Stats
  • This quiz has been taken 567 times
    94 since last reset
  • The average score is 15 of 20
Answers on the Grid
Answers color-coded by a green-red scale on the quiz's grid according to % correct below.
Appalachian Trail
Arches National Park
Baja California
Bonneville Salt Flats
Brigham Young University
Bryce Canyon National Park
Canyonlands National Park
Capitol Reef National Park
Cascade Mountains
Colorado River
Cour d'Alene
Dallas
Death Valley National Park
Delicate Arch
Door Peninsula
Four Corners
Grand Staircase-Escalante National Monument
Grand Teton National Park
Great Plains
Great Salt Lake
Gulf of Mexico
Lake Erie
Lake Tahoe
Laramie
Missouri River
Moab
Mount Hood
Mount Shasta
Ogden
Pacific Ocean
Park City
Provo
Pueblo
Reno
Salt Lake City
Santa Fe
St. George
Uinta Mountains
Wasatch Mountains
Zion National Park
 
Answer Stats
Answer % Correct
Brigham Young University
94%
Arches National Park
87%
Bryce Canyon National Park
87%
Four Corners
87%
Canyonlands National Park
85%
Great Salt Lake
83%
Delicate Arch
77%
Salt Lake City
77%
Bonneville Salt Flats
74%
Capitol Reef National Park
74%
Ogden
74%
Zion National Park
74%
Colorado River
72%
Moab
72%
Provo
72%
Park City
70%
St. George
68%
Grand Staircase-Escalante National Monument
66%
Wasatch Mountains
66%
Uinta Mountains
64%
No matching quizzes found
Score Distribution
Percent of People with Each Score
Percentile by Number Answered
Your Score History
You have not taken this quiz since the last reset